Geographic North American Sports Teams NFL, CFL, MLB, NHL, NBA, MLS - Statistics

General Stats
  • This quiz has been taken 1,098 times
    1,081 since last reset
  • The average score is 51 of 69
Answer Stats
Hint Answer % Correct
9 New York
98%
9 Los Angeles
97%
4 Miami
95%
4 Dallas
94%
4 Houston
94%
6 Chicago
93%
3 Boston
92%
4 Seattle
92%
2 San Francisco
91%
5 Philadelphia
90%
5 Toronto
89%
4 Atlanta
87%
2 Denver
87%
4 Detroit
87%
1 Las Vegas
87%
4 Washington
86%
3 Kansas City
85%
2 Portland
85%
3 Cleveland
84%
1 Phoenix
84%
3 Pittsburgh
84%
5 Minnesota
82%
2 New Orleans
82%
1 San Diego
82%
3 Tampa Bay
82%
2 Vancouver
82%
3 Cincinnati
81%
1 San Antonio
81%
2 Baltimore
80%
1 Indiana
80%
1 Jacksonville
80%
3 Montreal
80%
2 Nashville
80%
2 Buffalo
79%
2 Orlando
79%
3 St. Louis
78%
2 Charlotte
77%
2 Milwaukee
77%
1 Oklahoma City
76%
2 Edmonton
75%
2 Calgary
74%
1 Memphis
74%
2 Columbus
73%
2 Ottawa
73%
1 Green Bay
72%
3 Arizona
70%
1 Oakland
70%
2 San Jose
70%
1 Indianapolis
69%
2 Winnipeg
68%
1 New Jersey
67%
2 Carolina
66%
1 Sacramento
66%
3 Colorado
63%
1 Utah
61%
1 Austin
60%
1 Florida
60%
2 New England
60%
1 Tennessee
60%
1 Texas
60%
1 Salt Lake
59%
1 Anaheim
57%
1 Golden State
52%
1 Brooklyn
36%
1 DC
32%
1 Vegas
28%
1 Hamilton
27%
1 Saskatchewan
26%
1 BC
15%
No matching quizzes found
Score Distribution
Percent of People with Each Score
Percentile by Number Answered
Your Score History
You have not taken this quiz since the last reset